[Event "RUS-chT2"]
[Site "Sochi"]
[Date "2016.05.08"]
[Round "7.11"]
[White "Zaika, Daniil"]
[Black "Kulumbekov, Giya"]
[Result "1/2-1/2"]
[WhiteElo "2077"]
[BlackElo "2052"]
[PlyCount "148"]
[EventDate "2016.05.01"]
[EventType "team-swiss"]
[EventRounds "9"]
[EventCountry "RUS"]
[SourceTitle "EXT 2018"]
[Source "ChessBase"]
[SourceDate "2017.10.13"]
[SourceVersion "1"]
[SourceVersionDate "2017.10.13"]
[SourceQuality "1"]
[WhiteTeam "Desnogorsk Atom"]
[BlackTeam "Vladikavkaz Alanya"]
[WhiteTeamCountry "RUS"]
[BlackTeamCountry "RUS"]

1. d4 e6 2. Nf3 c5 3. c3 Nc6 4. e4 d5 5. exd5 exd5 6. Bb5 Bd6 7. 0-0 Nge7 8. dxc5 Bxc5 9. Nbd2 0-0 10. Nb3 Bd6 11. Bg5 Bg4 12. Re1 Qc7 13. h3 Bh5 14. Bxe7 Nxe7 15. Bd3 Kh8 16. Nbd4 a6 17. Qc2 Nc6 18. g4 Bg6 19. Rad1 Rad8 20. Kg2 Kg8 21. h4 Ne5 22. Nxe5 Bxe5 23. h5 Bxd3 24. Rxd3 Bf6 25. Qd2 h6 26. f4 Rde8 27. Rxe8 Rxe8 28. Nf5 Re4 29. Kf3 Qc4 30. Nd6 Rxf4+ 31. Ke2 Re4+ 32. Kd1 Qxa2 33. Nxe4 dxe4 34. Rd7 Qa4+ 35. Ke2 e3 36. Qd5 Qxg4+ 37. Kxe3 Bg5+ 38. Kd3 Qxh5 39. Rd8+ Kh7 40. Qf5+ Qg6 41. Qxg6+ Kxg6 42. Rd7 h5 43. Ke2 f5 44. Rxb7 h4 45. Kf3 Bc1 46. c4 Kf6 47. c5 g5 48. c6 g4+ 49. Kf2 Ke6 50. Rh7 Bf4 51. c7 Bxc7 52. Rxc7 f4 53. Kg2 Kf5 54. Rf7+ Ke4 55. Re7+ Kf5 56. Rh7 h3+ 57. Kh2 Kg5 58. b4 Kg6 59. Rh8 Kg5 60. Rg8+ Kh4 61. Rh8+ Kg5 62. Kg1 Kf5 63. Rh6 Kg5 64. Rxa6 g3 65. Ra3 Kg4 66. b5 f3 67. Ra4+ Kg5 68. Ra1 Kf4 69. b6 Ke3 70. Ra3+ Ke2 71. Ra2+ Ke1 72. Ra1+ Ke2 73. Ra2+ Ke1 74. Ra1+ Ke2 1/2-1/2

[Event "RUS-chT2"]
[Site "Sochi"]
[Date "2016.05.05"]
[Round "5.11"]
[White "Mestnikov, Aisen"]
[Black "Kulumbekov, Giya"]
[Result "1-0"]
[WhiteElo "2197"]
[BlackElo "2052"]
[PlyCount "81"]
[EventDate "2016.05.01"]
[EventType "team-swiss"]
[EventRounds "9"]
[EventCountry "RUS"]
[SourceTitle "EXT 2018"]
[Source "ChessBase"]
[SourceDate "2017.10.13"]
[SourceVersion "1"]
[SourceVersionDate "2017.10.13"]
[SourceQuality "1"]
[WhiteTeam "Sakha Republic Yakutia"]
[BlackTeam "Vladikavkaz Alanya"]
[WhiteTeamCountry "RUS"]
[BlackTeamCountry "RUS"]

1. d4 d5 2. Nf3 Nf6 3. g3 c6 4. Bg2 e6 5. 0-0 Be7 6. c4 0-0 7. Nc3 Nbd7 8. Qd3 b6 9. Rd1 Ba6 10. b3 Rc8 11. e4 c5 12. exd5 exd5 13. dxc5 dxc4 14. bxc4 Bxc5 15. Nb5 Re8 16. Bb2 Nf8 17. Qf5 Qe7 18. Re1 Qd7 19. Qxd7 N8xd7 20. Bh3 Bxb5 21. cxb5 Bxf2+ 22. Kxf2 Rc2+ 23. Kf1 Rxe1+ 24. Rxe1 Rxb2 25. Bxd7 Nxd7 26. Re7 Nf8 27. a4 g6 28. Rxa7 Ne6 29. Ne5 Ng5 30. Nc4 Rxh2 31. Nxb6 Ne4 32. Nd7 Nxg3+ 33. Kg1 Rb2 34. b6 Ne2+ 35. Kf1 Nd4 36. b7 Nc6 37. Ra8+ Kg7 38. Nc5 h5 39. Rc8 h4 40. Rxc6 h3 41. Kg1 1-0